000 01013nam a2200181 a 4500
008 120416s1990 ||||||||||||||||| || u
050 _aHB 701 Bre
100 _aBrett, Michael
245 1 0 _aProperty and money
246 _aa simple guide to commercial property investment and finance
260 _aLondon
_bEstates Gazette
_c1990
300 _aviii, 264p. : ill.
350 _a0.00
995 _aANNEX COLLECTION (Main Library)
_D0.00
_e726283
_FCBU-MAIN LIBRARY (Kitwe)
_H1
_I19.65
_jHB 701 Bre
_UAVAILABLE
_y002376
_ZAnnex Low-Usage Collection
995 _aANNEX COLLECTION (Main Library)
_D0.00
_e726280
_FCBU-MAIN LIBRARY (Kitwe)
_H3
_I19.65
_jHB 701 Bre
_UAVAILABLE
_y018024
_ZAnnex Low-Usage Collection
995 _aANNEX COLLECTION (Main Library)
_D0.00
_e002375
_FCBU-MAIN LIBRARY (Kitwe)
_H4
_I19.65
_jHB 701 Bre
_UAVAILABLE
_y002375
_ZAnnex Low-Usage Collection
995 _aMAIN LIBRARY OPEN ACCESS
_D0.00
_e002374
_FCBU-MAIN LIBRARY (Kitwe)
_H2
_I19.65
_jHB 701 Bre
_UAVAILABLE
_y002374
_ZMain Library Open Access Collection
999 _c77100
_d77100